000 00561nam a22002057a 4500
003 MPLRDC
005 20220104201235.0
008 210129b ||||| |||| 00| 0 eng d
020 _a978-986-6899-45-4
082 _a857.75 JZ-7
100 _a橘子
245 _a妳在谁身边,都是我心底的缺
_c
250 _a初版12刷
260 _a台湾
_b春天出版国际文化有限公司
_c2007
300 _b
490 _a橘子作品: 13
520 _a上架 2017-09-17。
650 _a中国文学--长篇小说
942 _cBK
_o857.75 JZ-7
999 _c67070
_d67060